000 00490nam a22001577a 4500
999 _c3561
_d3561
008 200619b ||||| |||| 00| 0 eng d
082 0 0 _a541.36
_bP2738
100 _92601
_aPartington, J. R.
245 1 0 _aThermodynamics: A modern introduction to general thermodynamics and its applications to chemistry and physics
_cby J.R. Partington
250 _a4th rev ed.
260 _aLondon
_b Constable
_c1950
300 _ax,261p.
365 _d14.63
650 0 _aThermodynamics
942 _cBK